000 00457nam a22001817a 4500
003 MPLRDC
005 20220104123547.0
008 210129b ||||| |||| 00| 0 eng d
020 _a7-5023-1028-2
082 _a414.42 MZL
100 _a缪正来等编著
245 _a家用偏方验方小方集
_c
250 _a一版一刷
260 _a
_b科学技术文献出版社
_c1989
300 _b
650 _a中药配制
942 _cBK
_o414.42 MZL
999 _c12384
_d12374